Science Quiz

Random Science Quiz

Beta oxidation - Lehninger Quiz Stats

 Plays Quiz not verified by Sporcle

Challenge
Share
Tweet
Embed
Score 0/14 Timer 10:00
0 Plays Today
Hint Answer % Correct
End product 1Acyl-CoA
96.4%
Step 1 enzymeacyl-CoA dehydrogenase
85.7%
Step 1 moleculepalmitoyl-CoA
82.1%
Step 4 enzymethiolase
78.6%
End product 2Acetyl CoA
78.6%
Step 2 enzymeenoyl-CoA hydratase
75%
Step 3 moleculeL-beta-hydroxyacyl-CoA
75%
Hint Answer % Correct
Step 3 enzymebeta-hydroxyacyl-CoA dehydrogenase
75%
Step 2 moleculetrans-delta2-Enoyl-CoA
71.4%
Step 4 moleculebeta-ketoacyl-CoA
71.4%
Hvor mange runder kan palmitoyl coa gå igennem beta-oxidation?7 runder
16.7%
Hvor mange acetyl coa giver dette? 8
16.7%
Hvad kan acetyl coa bruges til bagefter?TCA
16.7%
Hvor meget ATP kan én palmitoyl coa give i alt?108 atp
16.7%

You're not logged in!

Compare scores with friends on all Sporcle quizzes.
Join for Free
OR
Log In

You Might Also Like...

Show Comments

Extras

Created Apr 15, 2016ReportNominate
Tags:beta, oxidation

Top Quizzes Today


Score Distribution

Your Account Isn't Verified!

In order to create a playlist on Sporcle, you need to verify the email address you used during registration. Go to your Sporcle Settings to finish the process.

Report this User

Report this user for behavior that violates our Community Guidelines.

Details: